zpět

Detail výsledku týmu

Srdcovka Ústí, Ústí nad Labem

Datum a čas kvízu

24.5 Celkem bodů Celkový počet nahraných bodů na tomto kvízu bez doplňovacích otázek.
3. Pořadí na kvízu Konečné umístění týmu na tomto kvízu.

Zaznamenané odpovědi

# Otázka Odpověď Body Výsledky
1. O konfliktu prezidenta Pavla s... D 0
2. Která velká evropská země schv... Francie 1
3. Která moderátorka oznámila, že... Lucie Výborná 1
4. Která značka představila minul... Jawa 0
5. Ve kterém evropském státě nabí... ve Španělsku 1
6. Na obrázku níže můžete vidět d... Drákula a Frankenstein 0
7. Co by to bylo za hororové téma... D 0
8. Ze které (převážně videoherní)... Silent Hill 0
9. Přiřaďte herce a herečky k jej... 1B 2C 3D 4A 0
10. Čím je inspirován česko-americ... D 0